Stratégie vstupu na trh Európskej únie

Proces internacionalizácie firiem. Stratégie vstupu na jednotný európsky trh. Bezkapitálové spôsoby vstupu a formy vstupu nenáročné na kapitálové investície. Kapitálové spôsoby vstupu na zahraničné trhy.

Enregistré dans:
Détails bibliographiques
Auteur principal: Matušovičová, Monika, 1967-
Format: Chapitre de livre
Langue:slovaque
Sujets:
Tags: Ajouter un tag
Pas de tags, Soyez le premier à ajouter un tag!

MARC

LEADER 00000naa$a2200000$$$4500
001 0180694
005 20240502073103.6
041 0 |a slo 
044 |a SK 
245 1 0 |a Stratégie vstupu na trh Európskej únie  |c Monika Matušovičová 
520 |a Proces internacionalizácie firiem. Stratégie vstupu na jednotný európsky trh. Bezkapitálové spôsoby vstupu a formy vstupu nenáročné na kapitálové investície. Kapitálové spôsoby vstupu na zahraničné trhy. 
610 2 0 |a Európska únia 
610 2 0 |a trh medzinárodný 
610 2 0 |a internacionalizácia 
610 2 0 |a podnikanie 
610 2 0 |a trh vnútorný 
610 2 0 |a stratégia marketingová 
610 2 0 |a vývoz 
610 2 0 |a investície priame zahraničné 
100 1 |a Matušovičová, Monika, 1967-